Представление документа в формате RUSMARC

ПолеНазваниеЗначение
  Тип записи a
  Библиографический уровень m
001 Контрольный номер RU/IS/BASE/358603532
005 Дата корректировки 20201206204803.3
010 Индекс ISBN __
a ISBN 978-5-466-00450-2
d Цена 590-00
100 Данные общей обработки __
a Данные общей обработки 19090918d2010 |||y0rusy0189 ca
101 Язык документа __
a Язык текста rus
102 Страна публикации __
a Страна публикации RU
105 Кодированные данные (монография) __
a Кодированные данные (монография) y zzzz000zy
200 Заглавие и сведения об ответственности __
a Заглавие Управление общим имуществом многоквартирного дома: правовые аспекты
f Первые сведения об ответственности С. В. Стрембелев
b Общее обозначение материала Текст
210 Выходные данные __
a Место издания М.
c Издательство Волтерс Клувер
d Дата издания 2010
215 Физическое описание __
a Объем 189, [4] с.
d Формат 21 см
300 Общие примечания __
a Общие примечания Фактическая дата выхода в свет: 2009
320 Библиография __
a Библиография Библиогр.: с. 163-184
330 Аннотация __
a Аннотация Проанализировано действующее гражданское и жилищное законодательство России и практика его применения, нормативные правовые акты некоторых субъектов Российской Федерации и органов местного самоуправления. Кроме того, использовано законодательство Великобритании об общей собственности, принятое в 2002 г. (Commonhold and Leasehold Reform Act), немецкий Закон о праве собственности на жилое помещение и о праве длительного пользования жилой площадью от 15 марта 1951 г., также учтены Рекомендации Европейской экономической комиссии ООН о собственности на жилье в форме кондоминиумов для стран, находящихся в переходном периоде (Guidelines on Condominium Ownership of Housing for Countries in Transition. Economic Commission for Europe).
606 Тематические рубрики __
a Основная рубрика Право
606 Тематические рубрики __
a Основная рубрика Обязательственное право
610 Ключевые слова __
a Ключевые слова управление имуществом; жилищное право; многоквартирные дома; общее имущество; управление общим имуществом; использование общего имущества; правовые аспекты; управление многоквартирными домами; содержание общего имущества; обязанности домовладельцев; домовладельцы; управление ТСЖ; отчуждение; предпринимательские цели; земельные участки; общая долевая собственность; регистрация права
686 Индексы других классификаций __
a Классификационный индекс 67.404.212.47-32
700 Автор _1
a Фамилия Стрембелев
b Имя С. В.
g Полное личное имя Сергей Викторович
4 Код отношения 070
801 Источник записи _0
a Страна RU
b Организация Муниципальное бюджетное учреждение культуры "Централизованная библиотечная система" г. Сургут (Центральная городская библиотека им. А. С. Пушкина)
c Дата составления 20090918
g Правила каталогизации КиК/Елгина
801 Источник записи _1
a Страна RU
b Организация Муниципальное бюджетное учреждение культуры "Централизованная библиотечная система" г. Сургут (Центральная городская библиотека им. А. С. Пушкина)
c Дата составления 20090918
g Правила каталогизации КиК/Елгина
852 Данные о местонахождении __
j Шифр хранения 67.404.212.47-32
i Авторский знак С 84
901 Тип документа __
t Тип документа m
903 Характеристики (МАРС) __
a Дата передачи 20110513
990 Данные о заказе (DOS) __
j Количество экземпляров (DOS) 2
h N записи в КСУ для Б/У (DOS) 201106